[Event "Coupe 2000 Phase Ligue"]
[Site "?"]
[Date "2003.02.23"]
[Round "2.11"]
[White "Covolo, Thierry"]
[Black "Burtin, Laurent"]
[Result "1-0"]
[WhiteElo "1960"]
[BlackElo "1930"]
[PlyCount "71"]
[EventDate "2003.??.??"]

{BRON                    MONTREVEL      COVOLO T   1960   1-0   BURTIN L  
1930    BURDET F   1950    0-1   WLASSEWITCH S    1920    DIDIER E  1930 1-0  
CHEBANCE B   1890    NOHARET M   1860 1-0   SAINT-SULPICE X   1620     } 1. e4
c5 2. Nf3 d6 3. d4 cxd4 4. Nxd4 Nf6 5. Nc3 g6 6. Be3 Bg7 7. f3 O-O 8. Qd2 Nc6
9. O-O-O Bd7 10. g4 Qa5 11. Kb1 Rfc8 12. h4 Ne5 13. h5 Rxc3 14. Qxc3 Qxc3 15.
bxc3 Rc8 16. Kb2 a6 17. hxg6 hxg6 18. g5 Nh5 19. Rg1 Rc7 20. Be2 Bc6 21. f4 Nd7
22. Bxh5 gxh5 23. Nxc6 Rxc6 24. Bd4 Nc5 25. Bxg7 Kxg7 26. Rd4 b5 27. c4 Ne6 28.
cxb5 Rxc2+ 29. Kxc2 Nxd4+ 30. Kd3 Nxb5 31. f5 e6 32. a4 exf5 33. axb5 fxe4+ 34.
Kxe4 axb5 35. Rb1 h4 36. Rxb5 1-0

[Event "Coupe 2000 Phase Ligue"]
[Site "?"]
[Date "2003.02.23"]
[Round "2.12"]
[White "Wlassewitch, Sylvain"]
[Black "Burdet, Francois"]
[Result "1-0"]
[WhiteElo "1920"]
[BlackElo "1950"]
[PlyCount "41"]
[EventDate "2003.??.??"]

{BRON                    MONTREVEL      COVOLO T   1960   1-0   BURTIN L  
1930    BURDET F   1950    0-1   WLASSEWITCH S    1920    DIDIER E  1930 1-0  
CHEBANCE B   1890    NOHARET M   1860 1-0   SAINT-SULPICE X   1620     } 1. b4
e5 2. Bb2 d6 3. e3 a5 4. b5 c6 5. bxc6 Nxc6 6. Nf3 Bg4 7. Be2 Nf6 8. c4 Be7 9.
Nc3 O-O 10. O-O d5 11. cxd5 Nxd5 12. d4 exd4 13. Nxd5 Qxd5 14. Nxd4 Bxe2 15.
Qxe2 Nxd4 16. Bxd4 Bc5 17. Qb5 b6 18. Rfc1 Rfd8 19. Bxc5 Rac8 20. Qxb6 Rxc5 21.
Qxc5 1-0

[Event "Coupe 2000 Phase Ligue"]
[Site "?"]
[Date "2003.02.23"]
[Round "2.13"]
[White "Didier, Eric"]
[Black "Chebance, Benoit"]
[Result "1-0"]
[WhiteElo "1930"]
[BlackElo "1890"]
[PlyCount "51"]
[EventDate "2003.??.??"]

{BRON                    MONTREVEL      COVOLO T   1960   1-0   BURTIN L  
1930    BURDET F   1950    0-1   WLASSEWITCH S    1920    DIDIER E  1930 1-0  
CHEBANCE B   1890    NOHARET M   1860 1-0   SAINT-SULPICE X   1620     } 1. e4
e5 2. Nf3 Nf6 3. d4 exd4 4. e5 Ne4 5. Qxd4 d5 6. exd6 Nxd6 7. Nc3 Nc6 8. Qf4
Be6 9. Bd3 Be7 10. O-O h6 11. Ne4 Nb4 12. Nf6+ Bxf6 13. Qxb4 O-O 14. Bf4 a5 15.
Qd2 Bg4 16. Ne5 Bxe5 17. Bxe5 Nc4 18. Qf4 Nxe5 19. Qxe5 Re8 20. Qb5 b6 21. Qc4
Bc8 22. Rad1 Qe7 23. Qc3 Be6 24. Rfe1 Rad8 25. f4 f5 26. Bxf5 1-0

[Event "Coupe 2000 Phase Ligue"]
[Site "?"]
[Date "2003.02.23"]
[Round "2.14"]
[White "Saint-Sulpice, Xavier"]
[Black "Noharet, Michael"]
[Result "0-1"]
[WhiteElo "1620"]
[BlackElo "1860"]
[PlyCount "56"]
[EventDate "2003.??.??"]

{BRON                    MONTREVEL      COVOLO T   1960   1-0   BURTIN L  
1930    BURDET F   1950    0-1   WLASSEWITCH S    1920    DIDIER E  1930 1-0  
CHEBANCE B   1890    NOHARET M   1860 1-0   SAINT-SULPICE X   1620     } 1. e4
e6 2. d4 d5 3. exd5 exd5 4. Nf3 Bd6 5. Nc3 c6 6. Bd3 Ne7 7. O-O O-O 8. a3 Bf5
9. b4 Nd7 10. b5 Qc7 11. a4 Rfe8 12. Ba3 Bxa3 13. Rxa3 Qd6 14. Ra1 Qb4 15. Qd2
Bxd3 16. Qxd3 Ng6 17. Rfb1 Qd6 18. Re1 h6 19. Rxe8+ Rxe8 20. Re1 Rxe1+ 21. Nxe1
Nb6 22. bxc6 bxc6 23. a5 Nc4 24. a6 Qa3 25. Nd1 Qxa6 26. Ne3 Qa1 27. Kf1 Nf4
28. Qd1 Nxe3+ 0-1

[Event "Coupe 2000 Phase Ligue"]
[Site "?"]
[Date "2003.02.23"]
[Round "2.21"]
[White "Almagro, Luc"]
[Black "Valla, Nicolas"]
[Result "1/2-1/2"]
[WhiteElo "1947"]
[BlackElo "1990"]
[PlyCount "46"]
[EventDate "2003.??.??"]

{CORBAS              SAINT-CHAMOND I    ALMAGRO L   1947   X-X   VALLA N  
1990    ROUSSEL P-O   1820   X-X   BEDNAR E   1970    TARTARIN D   1800   X-X 
BELLON Y   1860    AGIER      J-L   1820   X-X   MUJIC S   1770     } 1. d4 Nf6
2. c4 c5 3. d5 b5 4. cxb5 a6 5. bxa6 Bxa6 6. Nc3 d6 7. g3 g6 8. Bg2 Bg7 9. Nh3
O-O 10. O-O Nbd7 11. Rb1 Qa5 12. Qc2 Rfb8 13. Bd2 Ne5 14. b3 c4 15. Ne4 Qa3 16.
Nxf6+ Bxf6 17. Rfe1 cxb3 18. axb3 Rc8 19. Qd1 Nd7 20. Ng5 Qa2 21. Ne4 Bg7 22.
Bg5 Kf8 23. Be3 Qc2 1/2-1/2

[Event "Coupe 2000 Phase Ligue"]
[Site "?"]
[Date "2003.02.23"]
[Round "2.22"]
[White "Bednar, Emile"]
[Black "Roussel, Pierre-Olivier"]
[Result "1/2-1/2"]
[WhiteElo "1970"]
[BlackElo "1820"]
[PlyCount "103"]
[EventDate "2003.??.??"]

{CORBAS              SAINT-CHAMOND I    ALMAGRO L   1947   X-X   VALLA N  
1990    ROUSSEL P-O   1820   X-X   BEDNAR E   1970    TARTARIN D   1800   X-X 
BELLON Y   1860    AGIER      J-L   1820   X-X   MUJIC S   1770     } 1. e4 c5
2. f4 d6 3. Nf3 e6 4. Bb5+ Bd7 5. Be2 Nc6 6. O-O g6 7. Nc3 Bg7 8. Nb5 Qb8 9. f5
Nf6 10. fxe6 fxe6 11. d3 a6 12. Na3 b5 13. c3 O-O 14. Bd2 d5 15. Ng5 dxe4 16.
Nxe4 Nxe4 17. dxe4 Qc7 18. Bf3 Ne5 19. Qe2 Nxf3+ 20. Rxf3 Rxf3 21. Qxf3 Rf8 22.
Qe2 Qe5 23. Re1 Bc6 24. Nc2 Rf7 25. b4 Bf8 26. a3 Bd6 27. g3 cxb4 28. axb4 Bc7
29. Nd4 Bb6 30. Qd3 Rd7 31. Be3 Bxe4 32. Qe2 Bd5 33. Bf2 Qxe2 34. Rxe2 Bxd4 35.
Bxd4 Rf7 36. Rf2 Rxf2 37. Kxf2 Kf7 38. Ke3 g5 39. h4 Kg6 40. hxg5 Kxg5 41. Be5
Kf5 42. Kd4 Bc4 43. Bd6 h5 44. Be5 Bf1 45. Bc7 Bc4 46. Bd6 Kg4 47. Ke3 Bd5 48.
Bc7 Kf5 49. Kd4 Bc4 50. Be5 Bd5 51. Bc7 Bc4 52. Be5 1/2-1/2

[Event "Coupe 2000 Phase Ligue"]
[Site "?"]
[Date "2003.02.23"]
[Round "2.23"]
[White "Tartarin, Didier"]
[Black "Bellon, Yves"]
[Result "1/2-1/2"]
[WhiteElo "1800"]
[BlackElo "1860"]
[PlyCount "68"]
[EventDate "2003.??.??"]

{CORBAS              SAINT-CHAMOND I    ALMAGRO L   1947   X-X   VALLA N  
1990    ROUSSEL P-O   1820   X-X   BEDNAR E   1970    TARTARIN D   1800   X-X 
BELLON Y   1860    AGIER      J-L   1820   X-X   MUJIC S   1770     } 1. e4 c5
2. c4 d6 3. g3 b6 4. Bg2 Bb7 5. Nc3 e6 6. Nge2 Nf6 7. d3 Be7 8. O-O O-O 9. f4
Qc8 10. f5 Nbd7 11. h3 a6 12. Bf4 exf5 13. exf5 Bxg2 14. Kxg2 Ne5 15. Bxe5 dxe5
16. Ne4 Qc6 17. Qc2 Rad8 18. N2c3 Rd4 19. Rf3 Nxe4 20. Nxe4 Rfd8 21. Raf1 h6
22. b3 Bg5 23. R1f2 Qd7 24. h4 Bf6 25. Qe2 Rxd3 26. Rxd3 Qxd3 27. Qg4 Kh8 28.
Rd2 Qe3 29. Rxd8+ Bxd8 30. f6 Bxf6 31. Qc8+ Kh7 32. Qf5+ Kg8 33. Qc8+ Kh7 34.
Qf5+ Kg8 1/2-1/2

[Event "Coupe 2000 Phase Ligue"]
[Site "?"]
[Date "2003.02.23"]
[Round "2.24"]
[White "Mujic, Saban"]
[Black "Agier, Jean-Luc"]
[Result "1/2-1/2"]
[WhiteElo "1770"]
[BlackElo "1820"]
[PlyCount "96"]
[EventDate "2003.??.??"]

{CORBAS              SAINT-CHAMOND I    ALMAGRO L   1947   X-X   VALLA N  
1990    ROUSSEL P-O   1820   X-X   BEDNAR E   1970    TARTARIN D   1800   X-X 
BELLON Y   1860    AGIER      J-L   1820   X-X   MUJIC S   1770     } 1. d4 d5
2. Nf3 Nf6 3. e3 e6 4. c4 c6 5. Nc3 Nbd7 6. Bd3 dxc4 7. Bxc4 b5 8. Bd3 a6 9.
O-O c5 10. dxc5 Bxc5 11. Ne4 O-O 12. Qc2 Qe7 13. Rd1 Bb7 14. a3 Rac8 15. Nxf6+
Nxf6 16. Qe2 h6 17. b4 Ba7 18. Bb2 Bb8 19. Be5 Bxf3 20. Bxf6 Bxe2 21. Bxe7 Bxd1
22. Bxf8 Bc2 23. Bxc2 Rxc2 24. Bc5 Rd2 25. Bd4 f5 26. g3 Kf7 27. Kf1 e5 28. Bc5
Ke6 29. a4 Bc7 30. axb5 axb5 31. Ra7 Rd7 32. Rb7 Bd6 33. Rxb5 Bxc5 34. Rxc5 Rb7
35. Rc6+ Kd5 36. b5 Rxb5 37. Rc7 g5 38. Rf7 Ke4 39. Kg2 f4 40. exf4 exf4 41.
gxf4 gxf4 42. Re7+ Kf5 43. Rf7+ Kg5 44. h4+ Kxh4 45. Rxf4+ Kg5 46. Rf8 Rf5 47.
Rg8+ Kf6 48. f3 Rg5+ 1/2-1/2

[Event "Coupe 2000 Phase Ligue"]
[Site "?"]
[Date "2003.02.23"]
[Round "2.31"]
[White "Valet, Godeffroy"]
[Black "Kizilian, Emmanuel"]
[Result "1-0"]
[WhiteElo "1750"]
[BlackElo "1870"]
[PlyCount "131"]
[EventDate "2003.??.??"]

{AUREC              SAINT-GENIS    VALET G   1750   1-0   KIZILIAN E   1870   
VALJAN B   1740   0-1   DAVARD C   1650    CHABAS J-L   1630   X-X   MURER J  
1300    MIALON F   1280   1F-0F   FORFAIT       } 1. e4 c5 2. Nc3 g6 3. Bc4 Bg7
4. d3 Nc6 5. f4 e6 6. Nf3 Nge7 7. O-O a6 8. a3 b5 9. Ba2 Bb7 10. Qe1 Rc8 11.
Ng5 Nd4 12. Rf2 b4 13. Na4 Qa5 14. Bb3 Qb5 15. axb4 Nxb3 16. cxb3 cxb4 17. Qe2
Nc6 18. e5 Nd4 19. Qd1 Bd5 20. Ne4 Bxe4 21. dxe4 Nc6 22. Be3 Ne7 23. Nb6 Rc7
24. Nc4 Nc8 25. Bb6 Rc6 26. Ra5 Rxb6 27. Rxb5 Rxb5 28. Nd6+ Nxd6 29. Qxd6 a5
30. Rd2 Rb7 31. Qa6 Rb8 32. Qxa5 O-O 33. Rxd7 Rfc8 34. Ra7 Rc1+ 35. Kf2 Rc2+
36. Kg3 Rxb2 37. Qc7 Rxb3+ 38. Kg4 Rf8 39. Rb7 h5+ 40. Kh4 Rb2 41. Kh3 Rb3+ 42.
g3 Bh6 43. Kh4 Rb2 44. h3 Rb3 45. Qc4 Rb2 46. Rxb4 Rxb4 47. Qxb4 Bg7 48. g4
hxg4 49. hxg4 Rd8 50. Qc5 Rd3 51. f5 gxf5 52. gxf5 exf5 53. exf5 Rf3 54. Kg4
Rf1 55. e6 fxe6 56. fxe6 Re1 57. e7 Kf7 58. Qf2+ Bf6 59. Qxe1 Bxe7 60. Qf1+ Ke8
61. Kf5 Kd7 62. Qd3+ Bd6 63. Qb5+ Ke7 64. Qb7+ Ke8 65. Ke6 Ba3 66. Qd7+ 1-0

[Event "Coupe 2000 Phase Ligue"]
[Site "?"]
[Date "2003.02.23"]
[Round "2.32"]
[White "Davard, Christophe"]
[Black "Valjan, Berislav"]
[Result "1-0"]
[WhiteElo "1650"]
[BlackElo "1740"]
[PlyCount "63"]
[EventDate "2003.??.??"]

{AUREC              SAINT-GENIS    VALET G   1750   1-0   KIZILIAN E   1870   
VALJAN B   1740   0-1   DAVARD C   1650    CHABAS J-L   1630   X-X   MURER J  
1300    MIALON F   1280   1F-0F   FORFAIT       } 1. d4 d5 2. Nf3 Nf6 3. Bf4 e6
4. c3 Be7 5. e3 O-O 6. Bd3 b6 7. Nbd2 Bb7 8. h4 Nbd7 9. Ng5 h6 10. a3 g6 11.
Ngf3 h5 12. Ng5 c5 13. Qc2 Kg7 14. Bxg6 c4 15. Bxf7 Ne4 16. Nxe6+ Kxf7 17.
Nxd8+ Rfxd8 18. Nf3 Rg8 19. Ng5+ Bxg5 20. Bxg5 Ndf6 21. Bxf6 Nxf6 22. f3 Bc6
23. O-O-O Bd7 24. Rhg1 Rg3 25. e4 Bc6 26. e5 Ne8 27. Qf5+ Ke7 28. Qxh5 Ng7 29.
Qh6 Ne6 30. Qf6+ Kd7 31. Qf7+ Kd8 32. Qxe6 1-0

[Event "Coupe 2000 Phase Ligue"]
[Site "?"]
[Date "2003.02.23"]
[Round "2.33"]
[White "Chabas, Jean-Luc"]
[Black "Murer, Jacques"]
[Result "1/2-1/2"]
[WhiteElo "1630"]
[BlackElo "1300"]
[PlyCount "61"]
[EventDate "2003.??.??"]

{AUREC              SAINT-GENIS    VALET G   1750   1-0   KIZILIAN E   1870   
VALJAN B   1740   0-1   DAVARD C   1650    CHABAS J-L   1630   X-X   MURER J  
1300    MIALON F   1280   1F-0F   FORFAIT       } 1. e4 e6 2. d4 d6 3. c4 c6 4.
Nc3 e5 5. d5 c5 6. Be2 Bd7 7. Be3 b6 8. Nf3 Be7 9. O-O Bg4 10. Nd2 Bxe2 11.
Qxe2 Nd7 12. f4 exf4 13. Bxf4 Ne5 14. Nf3 Bf6 15. Nxe5 Bxe5 16. Bxe5 dxe5 17.
Qg4 g6 18. Qf3 f6 19. Rf2 Qe7 20. Qh3 Rd8 21. Raf1 a6 22. Qh4 Kf7 23. g4 Rd6
24. g5 Kg7 25. Rf3 h6 26. gxf6+ Nxf6 27. Qf2 Rf8 28. Qe2 Nd7 29. Rxf8 Nxf8 30.
Rf3 Rf6 31. Qf2 1/2-1/2

[Event "Coupe 2000 Phase Ligue"]
[Site "?"]
[Date "2003.02.23"]
[Round "2.41"]
[White "Darcet, Bruno"]
[Black "Pardon, Francois"]
[Result "0-1"]
[WhiteElo "1730"]
[BlackElo "1700"]
[PlyCount "64"]
[EventDate "2003.??.??"]

{GENAS                     MEXIMIEUX    DARCET B   1730 0-1   PARDON F   1700 
   ALVAREZ S   1980 1-0   ERB Y   1720    DUBOIS H   1880 1-0   MONTOYA A  
1700    COUHERT A   1730 0-1   BASTION G   1760     } 1. e4 e5 2. f4 exf4 3.
Nf3 Be7 4. Bc4 Nf6 5. d3 d5 6. exd5 Nxd5 7. Nc3 c6 8. O-O O-O 9. Nxd5 cxd5 10.
Bb3 Bd6 11. d4 Be6 12. c3 Nd7 13. Bc2 Re8 14. Qd3 g6 15. Qd2 Bg4 16. Qf2 Qf6
17. Bd2 Re7 18. Rae1 Rae8 19. Bd3 Rxe1 20. Rxe1 Rxe1+ 21. Nxe1 Qe6 22. Nc2 Bf5
23. Qf3 Bxd3 24. Qxd3 Nf6 25. Qf1 Qe4 26. Nb4 Ng4 27. Qf3 Qb1+ 28. Qf1 Qxb2 29.
Bxf4 Qxc3 30. Nc2 Bxf4 31. Qxf4 Qxc2 32. Qxg4 Qxa2 0-1

[Event "Coupe 2000 Phase Ligue"]
[Site "?"]
[Date "2003.02.23"]
[Round "2.42"]
[White "Erb, Yves"]
[Black "Alvarez, Stephane"]
[Result "0-1"]
[WhiteElo "1720"]
[BlackElo "1980"]
[PlyCount "73"]
[EventDate "2003.??.??"]

{GENAS                     MEXIMIEUX    DARCET B   1730 0-1   PARDON F   1700 
   ALVAREZ S   1980 1-0   ERB Y   1720    DUBOIS H   1880 1-0   MONTOYA A  
1700    COUHERT A   1730 0-1   BASTION G   1760     } 1. e4 e5 2. Nf3 Nc6 3.
Bc4 Nf6 4. d3 Be7 5. Nc3 d6 6. h3 O-O 7. Be3 a6 8. Qd2 Bd7 9. d4 exd4 10. Nxd4
Nxd4 11. Bxd4 b5 12. Bd3 Bc6 13. a3 Bb7 14. Qf4 c5 15. Be3 c4 16. Be2 Re8 17.
O-O Bf8 18. Bf3 Qe7 19. Nd5 Bxd5 20. exd5 Qe5 21. Qxe5 dxe5 22. Rad1 Rad8 23.
Bg5 Be7 24. Rfe1 h6 25. Bxf6 gxf6 26. Re2 Bd6 27. Bg4 Re7 28. Re3 Bc5 29. Rg3
Kf8 30. Bf5 e4 31. Rg4 e3 32. fxe3 Rxe3 33. Kf1 Re5 34. Be4 f5 35. Rh4 fxe4 36.
Rxh6 Rf5+ 37. Ke1 0-1

[Event "Coupe 2000 Phase Ligue"]
[Site "?"]
[Date "2003.02.23"]
[Round "2.43"]
[White "Dubois, Herve"]
[Black "Montoya, Alain"]
[Result "1-0"]
[WhiteElo "1880"]
[BlackElo "1700"]
[PlyCount "79"]
[EventDate "2003.??.??"]

{GENAS                     MEXIMIEUX    DARCET B   1730 0-1   PARDON F   1700 
   ALVAREZ S   1980 1-0   ERB Y   1720    DUBOIS H   1880 1-0   MONTOYA A  
1700    COUHERT A   1730 0-1   BASTION G   1760     } 1. c4 e5 2. Nc3 Nf6 3.
Nf3 Nc6 4. g3 Bc5 5. Bg2 d6 6. O-O Bf5 7. a3 a5 8. d3 Qd7 9. Bd2 O-O 10. Ng5 h6
11. Nge4 Nxe4 12. Nxe4 Bxe4 13. Bxe4 f5 14. Bd5+ Kh7 15. Rb1 f4 16. b4 axb4 17.
axb4 Bb6 18. b5 Ne7 19. Bxb7 fxg3 20. hxg3 Qh3 21. e3 Ra2 22. Bg2 Qe6 23. Ra1
Rxa1 24. Qxa1 Qg4 25. Qd1 Qg5 26. Qe2 g6 27. e4 Qxg3 28. Be3 Bxe3 29. fxe3
Rxf1+ 30. Kxf1 h5 31. d4 exd4 32. exd4 h4 33. Qf3 Qxf3+ 34. Bxf3 Kg7 35. c5 Nc8
36. Bg4 Ne7 37. cxd6 cxd6 38. Bd7 g5 39. b6 h3 40. b7 1-0

[Event "Coupe 2000 Phase Ligue"]
[Site "?"]
[Date "2003.02.23"]
[Round "2.44"]
[White "Bastion, Gilles"]
[Black "Couhert, Alexandre"]
[Result "1-0"]
[WhiteElo "1760"]
[BlackElo "1730"]
[PlyCount "108"]
[EventDate "2003.??.??"]

{GENAS                     MEXIMIEUX    DARCET B   1730 0-1   PARDON F   1700 
   ALVAREZ S   1980 1-0   ERB Y   1720    DUBOIS H   1880 1-0   MONTOYA A  
1700    COUHERT A   1730 0-1   BASTION G   1760     } 1. d4 d6 2. Nf3 Nf6 3. g3
g6 4. Bg2 c6 5. O-O Bg7 6. c4 Bf5 7. Nc3 O-O 8. Re1 Na6 9. a3 Nc7 10. e4 Bg4
11. Qd3 c5 12. d5 Nd7 13. Bd2 Bxf3 14. Bxf3 Ne5 15. Qe2 Rb8 16. Bg2 a6 17. a4
e6 18. Rad1 exd5 19. exd5 Re8 20. Qf1 Na8 21. b3 Nb6 22. Ne4 f5 23. Bg5 Qc7 24.
Nf6+ Bxf6 25. Bxf6 Nbd7 26. Bg5 Qa5 27. Bd2 Qd8 28. Bc3 Qg5 29. f4 Qg4 30. fxe5
dxe5 31. d6 e4 32. Qf4 Qxf4 33. gxf4 Re6 34. Re2 b5 35. axb5 axb5 36. Ra2 bxc4
37. bxc4 Kf8 38. Ra7 Ke8 39. h4 h5 40. Bf1 Rb6 41. Be5 Rb8 42. Be2 Nxe5 43.
fxe5 Rxe5 44. Rh7 Rd8 45. d7+ Kf8 46. Rd6 Kg8 47. Rh6 Re7 48. Rdxg6+ Kf7 49.
Bxh5 Rexd7 50. Rg5+ Ke7 51. Rxf5 Rg8+ 52. Kf2 Rd2+ 53. Ke3 Rd3+ 54. Kxe4 Rd4+
1-0

[Event "Coupe 2000 Phase Ligue"]
[Site "?"]
[Date "2003.02.23"]
[Round "2.51"]
[White "Poncet, Alain"]
[Black "Breinl, Alix"]
[Result "1-0"]
[WhiteElo "1920"]
[BlackElo "1499"]
[PlyCount "85"]
[EventDate "2003.??.??"]

{PARTIES AU SYSTEME MOLTER    PONCET A   1920 1-0   BREINL A   1499    BION N 
1470 0-1   VINCENT J-C   1860    MAS B   1650 1-0   PUPIER T   1780    DEQUIDT
A   1660 1-0   FAYOLLE V   1620    GROS E   1460 X-X   BARNES P   1490   
DORAN N   1470 1-0   FARGE D   1260     } 1. e4 c5 2. Nc3 Nc6 3. f4 d6 4. Nf3
e6 5. b3 a6 6. a4 Nge7 7. Bb2 d5 8. g3 d4 9. Ne2 Ng6 10. Bg2 Be7 11. O-O O-O
12. d3 f6 13. c3 e5 14. f5 Nh8 15. cxd4 cxd4 16. Rc1 Nf7 17. g4 Bd7 18. Ng3 b5
19. Rf2 Na7 20. Rfc2 Rc8 21. Rxc8 Bxc8 22. Qd2 Qd6 23. h4 Nh6 24. Bh3 Qb4 25.
Qxb4 Bxb4 26. g5 Nf7 27. Rc7 fxg5 28. hxg5 Rd8 29. Rxa7 Bc3 30. Ba3 bxa4 31.
bxa4 a5 32. Kg2 g6 33. Rc7 Bd7 34. Be7 Rb8 35. Rxd7 Rb2+ 36. Kg1 Bb4 37. fxg6
hxg6 38. Be6 Kg7 39. Bxb4 axb4 40. Nxe5 Kf8 41. Rxf7+ Ke8 42. Nxg6 Rd2 43. Rf8#
1-0

[Event "Coupe 2000 Phase Ligue"]
[Site "?"]
[Date "2003.02.23"]
[Round "2.52"]
[White "Bion, Nicolas"]
[Black "Vincent"]
[Result "0-1"]
[WhiteElo "1470"]
[BlackElo "1860"]
[PlyCount "92"]
[EventDate "2003.??.??"]

{PARTIES AU SYSTEME MOLTER    PONCET A   1920 1-0   BREINL A   1499    BION N 
1470 0-1   VINCENT J-C   1860    MAS B   1650 1-0   PUPIER T   1780    DEQUIDT
A   1660 1-0   FAYOLLE V   1620    GROS E   1460 X-X   BARNES P   1490   
DORAN N   1470 1-0   FARGE D   1260     } 1. Nf3 b5 2. d4 e6 3. e4 Bb7 4. d5
exd5 5. exd5 a6 6. a3 Nf6 7. Bg5 Be7 8. c4 O-O 9. Nc3 bxc4 10. Bxc4 Re8 11. O-O
d6 12. Qc2 Nbd7 13. Rae1 Rc8 14. Nd4 Nxd5 15. Bxe7 Nxe7 16. Bxf7+ Kxf7 17. Ne6
Kg8 18. Qb3 Nc5 19. Nxc5+ Kh8 20. Ne6 Qd7 21. Qxb7 h6 22. Qxa6 Ng6 23. Qc4 Ne5
24. Rxe5 dxe5 25. Nc5 Qc6 26. N3e4 Rcd8 27. Qa6 Qd5 28. b4 Ra8 29. Qg6 Re7 30.
a4 Rb8 31. b5 Rb6 32. Qg4 Rf7 33. Rd1 Qa8 34. Qh4 Rf8 35. Ng5 Rg6 36. Nce6 Rc8
37. Nf7+ Kh7 38. Neg5+ Kg8 39. Nxh6+ gxh6 40. Qc4+ Kh8 41. Nf7+ Kh7 42. f3 Qxf3
43. Ng5+ Rxg5 44. Rd7+ Kh8 45. Qc2 Qe3+ 46. Kf1 Rf8+ 0-1

[Event "Coupe 2000 Phase Ligue"]
[Site "?"]
[Date "2003.02.23"]
[Round "2.53"]
[White "Mas, Brnard"]
[Black "Pupier, Terry"]
[Result "1-0"]
[WhiteElo "1650"]
[BlackElo "1780"]
[PlyCount "95"]
[EventDate "2003.??.??"]

{PARTIES AU SYSTEME MOLTER    PONCET A   1920 1-0   BREINL A   1499    BION N 
1470 0-1   VINCENT J-C   1860    MAS B   1650 1-0   PUPIER T   1780    DEQUIDT
A   1660 1-0   FAYOLLE V   1620    GROS E   1460 X-X   BARNES P   1490   
DORAN N   1470 1-0   FARGE D   1260     } 1. e4 c5 2. Nf3 d6 3. d4 cxd4 4. Nxd4
Nf6 5. Nc3 g6 6. Be2 Bg7 7. Be3 Nc6 8. O-O O-O 9. f4 Bd7 10. f5 Ne5 11. Bg5 Rc8
12. Kh1 a6 13. Bxf6 Bxf6 14. Nd5 Bg7 15. Qd2 Bc6 16. c3 Bxd5 17. exd5 Qc7 18.
fxg6 hxg6 19. Rac1 Nc4 20. Bxc4 Qxc4 21. b3 Qxd5 22. Qe3 Qc5 23. h3 e5 24. Nc2
Qxc3 25. Qe4 Qc6 26. Qg4 Qe8 27. Ne3 Qe6 28. Qe4 Rxc1 29. Rxc1 Rc8 30. Rd1 Rc6
31. Qb4 Qd7 32. Nd5 b5 33. Qa5 f5 34. Qd2 Kf8 35. Nb4 Rb6 36. Qd5 Qf7 37. Qa8+
Qe8 38. Qa7 Qd8 39. Nd5 Rc6 40. Qb7 Rc5 41. Qxa6 Bh6 42. Nb4 Rc1 43. Rxc1 Bxc1
44. Qxb5 e4 45. Nc6 Qc7 46. a4 e3 47. Nd4 Kg7 48. Ne6+ 1-0

[Event "Coupe 2000 Phase Ligue"]
[Site "?"]
[Date "2003.02.23"]
[Round "2.54"]
[White "Dequidt, Adrien"]
[Black "Fayolle, Vincnt"]
[Result "1-0"]
[WhiteElo "1660"]
[BlackElo "1620"]
[PlyCount "100"]
[EventDate "2003.??.??"]

{PARTIES AU SYSTEME MOLTER    PONCET A   1920 1-0   BREINL A   1499    BION N 
1470 0-1   VINCENT J-C   1860    MAS B   1650 1-0   PUPIER T   1780    DEQUIDT
A   1660 1-0   FAYOLLE V   1620    GROS E   1460 X-X   BARNES P   1490   
DORAN N   1470 1-0   FARGE D   1260     } 1. d4 Nf6 2. Nf3 g6 3. Nbd2 Bg7 4. e4
d6 5. c3 O-O 6. Bc4 Nc6 7. O-O Bg4 8. h3 Bd7 9. Re1 e5 10. dxe5 dxe5 11. Bb3
Qe7 12. Nc4 Rad8 13. Qe2 Nh5 14. Nh2 Nf4 15. Qf3 Ne6 16. Ng4 Nc5 17. Bc2 Be6
18. Nce3 Nd3 19. Rd1 Nxc1 20. Raxc1 Rxd1+ 21. Rxd1 Rd8 22. Nd5 Bxd5 23. exd5
Na5 24. Qe2 b6 25. Qa6 c6 26. b4 Nb7 27. dxc6 Rxd1+ 28. Bxd1 Nd6 29. Ne3 Ne8
30. Bb3 e4 31. Nd5 Qe5 32. Qxa7 Kf8 33. c7 Nxc7 34. Qxc7 Qxc7 35. Nxc7 Bxc3 36.
Nd5 Bd4 37. Kf1 Ke8 38. Ke2 f5 39. Nc7+ Ke7 40. Nb5 Be5 41. Bg8 h6 42. Bh7 Kf7
43. Ke3 Kg7 44. Bxg6 Kxg6 45. Nd4 Bd6 46. a3 Kf6 47. Ne2 Ke5 48. Nf4 Bc7 49. g4
fxg4 50. hxg4 Bd6 1-0

[Event "Coupe 2000 Phase Ligue"]
[Site "?"]
[Date "2003.02.23"]
[Round "2.55"]
[White "Gros, Eddie"]
[Black "Barnes, Pierrick"]
[Result "1/2-1/2"]
[WhiteElo "1460"]
[BlackElo "1490"]
[PlyCount "72"]
[EventDate "2003.??.??"]

{PARTIES AU SYSTEME MOLTER    PONCET A   1920 1-0   BREINL A   1499    BION N 
1470 0-1   VINCENT J-C   1860    MAS B   1650 1-0   PUPIER T   1780    DEQUIDT
A   1660 1-0   FAYOLLE V   1620    GROS E   1460 X-X   BARNES P   1490   
DORAN N   1470 1-0   FARGE D   1260     } 1. d3 e5 2. a3 Nf6 3. e3 d5 4. h3 Nc6
5. g3 Be6 6. Bg2 e4 7. dxe4 dxe4 8. Qxd8+ Rxd8 9. Nd2 Bf5 10. Ne2 Bc5 11. Nc3
O-O 12. Ndxe4 Nxe4 13. Nxe4 Bb6 14. g4 Bg6 15. Bd2 Rfe8 16. f3 h6 17. Ke2 Ne5
18. b3 Bxe4 19. fxe4 c5 20. Rad1 c4 21. Bc3 Bc7 22. Rxd8 Rxd8 23. Rd1 Rxd1 24.
Kxd1 cxb3 25. cxb3 f6 26. Bxe5 fxe5 27. Ke2 Kf7 28. Kd3 b5 29. a4 a6 30. Bf1
Ke6 31. Kc3 bxa4 32. bxa4 a5 33. Kc4 Kd6 34. Kb5 g5 35. Bc4 Bd8 36. Bd5 Bc7
1/2-1/2

[Event "Coupe 2000 Phase Ligue"]
[Site "?"]
[Date "2003.02.23"]
[Round "2.56"]
[White "Dorian, Niall"]
[Black "Farge, Damien"]
[Result "1-0"]
[WhiteElo "1470"]
[BlackElo "1260"]
[PlyCount "45"]
[EventDate "2003.??.??"]

{PARTIES AU SYSTEME MOLTER    PONCET A   1920 1-0   BREINL A   1499    BION N 
1470 0-1   VINCENT J-C   1860    MAS B   1650 1-0   PUPIER T   1780    DEQUIDT
A   1660 1-0   FAYOLLE V   1620    GROS E   1460 X-X   BARNES P   1490   
DORAN N   1470 1-0   FARGE D   1260     } 1. e4 e5 2. Nf3 Nc6 3. Bc4 Bc5 4. b4
Bb6 5. c3 Nf6 6. O-O d5 7. exd5 Nxd5 8. Re1 Qd6 9. b5 Nce7 10. h3 f6 11. Qb3
Be6 12. d4 O-O-O 13. dxe5 Bxf2+ 14. Kxf2 Qc5+ 15. Nd4 fxe5 16. Ba3 Rhf8+ 17.
Kg1 Qb6 18. Rxe5 Bxh3 19. Qc2 Qf6 20. Re1 Nf4 21. Bxe7 Qg6 22. Qxg6 hxg6 23.
Bxd8 1-0